Detektivové z půdy. 2, Záhada ztracených psů /
Detektivní série o partě kamarádů z Osla, kteří si založili detektivní klub.
Uloženo v:
| Série: | Detektivové z půdy,
část 2 |
|---|---|
| Hlavní autor: | |
| Další autoři: | , |
| Médium: | E-kniha |
| Jazyk: | Czech |
| Vydáno: |
V Praze :
Fragment,
2021
|
| Vydání: | 1. vydání |
| Témata: | |
| Příbuzné jednotky: | Přeloženo z:
Detektivene på Torshow Z cyklu:: Detektivové z půdy |
| Tagy: |
Žádné tagy |
| LEADER | 02768nam a2200553 i 4500 | ||
|---|---|---|---|
| 001 | 311290 | ||
| 003 | CZ PrSKC | ||
| 005 | 20260601215703.0 | ||
| 007 | ta | ||
| 008 | 210304s2021 xr a c 000 j cze | ||
| 015 | |a cnb003310244 | ||
| 020 | |a 9788025350317 |q (vázáno) : |c Kč 229,00 | ||
| 035 | |a (OCoLC)1250249900 | ||
| 040 | |a ABG001 |b cze |e rda | ||
| 041 | 1 | |a cze |h nor | |
| 072 | 7 | |a 821.11 |x Germánské literatury |2 Konspekt | |
| 072 | 7 | |a 821-93 |x Literatura pro děti a mládež (beletrie) |2 Konspekt | |
| 080 | |a 821.113.5-32 |2 MRF | ||
| 080 | |a 821-93 |2 MRF | ||
| 080 | |a (0:82-322.4) |2 MRF | ||
| 100 | 1 | |a Bjørk, Samuel, |d 1969- |7 mzk2015885488 |4 aut | |
| 240 | 1 | 0 | |a Usynlige hunden. |l Česky |
| 245 | 1 | 0 | |a Detektivové z půdy. |n 2, |p Záhada ztracených psů / |c Samuel Bjørk ; ilustrovala Ingvild Th. Kristiansenová ; přeložila Eva Dohnálková |
| 246 | 3 | 0 | |a Záhada ztracených psů |
| 250 | |a 1. vydání | ||
| 264 | 1 | |a V Praze : |b Fragment, |c 2021 | |
| 300 | |a 100 stran : |b ilustrace ; |c 20 cm | ||
| 336 | |a text |b txt |2 rdacontent | ||
| 337 | |a bez média |b n |2 rdamedia | ||
| 338 | |a svazek |b nc |2 rdacarrier | ||
| 500 | |a Přeloženo z norštiny | ||
| 520 | 2 | |a Detektivní série o partě kamarádů z Osla, kteří si založili detektivní klub. |b Další dobrodružství šesťáka Kima a jeho kamarádů. Malí detektivové ve své klubovně na půdě činžáku už zase žhaví vysílačky. Po celém městě začali mizet psi a kamarádi tuší, že to není náhoda. Pátrání je zavede na nebezpečnou stopu a všem je jasné, že pokud se po ní vydají, budou pěkně riskovat. Pustí se do toho? Nakladatelská anotace. | |
| 521 | 8 | |a Pro čtenáře od 8 let | |
| 655 | 7 | |a norské příběhy |7 fd183164 |2 czenas | |
| 655 | 7 | |a detektivní příběhy |7 fd132009 |2 czenas | |
| 655 | 7 | |a publikace pro děti |7 fd133156 |2 czenas | |
| 655 | 9 | |a Norwegian stories |2 eczenas | |
| 655 | 9 | |a detective stories |2 eczenas | |
| 655 | 9 | |a children's literature |2 eczenas | |
| 700 | 1 | |a Kristiansen, Ingvild Th. |q (Ingvild Thomassen), |d 1993- |7 xx0252253 |4 ill | |
| 700 | 1 | |a Dohnálková, Eva |7 js20081024002 |4 trl | |
| 765 | 0 | |t Detektivene på Torshow | |
| 787 | 0 | 8 | |i Z cyklu: |t Detektivové z půdy |g 2 |
| 900 | |a ABA001 |b 21 | ||
| 928 | 9 | |a Albatros Media - Fragment | |
| 044 | |a xr | ||
| 910 | |a RBIT002 | ||
| 998 | |d 312364 |a https://core.palmknihy.cz/api/books/312364/cover?si6z2c |b https://core.palmknihy.cz/api/books/312364/cover/400?si6z2c |c https://core.palmknihy.cz/api/books/312364/cover/50?si6z2c |e 2026-10-16 |g 104 |i 9788025350317 |j https://core.palmknihy.cz/api/books/312364/preview.epub |k https://core.palmknihy.cz/api/books/312364/preview.pdf |l |q 49 |r 1 |s https://www.palmknihy.cz/kniha/312364 |t ebook |y 2021 |z 0 |v Detektivové z půdy |w 2 | ||
| 999 | |d 311288 | ||